Logo BPK

Biblioteka

Politechniki Koszalińskiej

Instrukcja o znakach drogowych pionowych. (Rekord nr 34989)

Szczegóły MARC
000 -ETYKIETA REKORDU
podpole kontrolne o stałej długości 00813nam a2200217 i 4500
001 - NUMER KONTROLNY REKORDU
pole kontrolne bg
040 ## - ŹRÓDŁO KATALOGOWANIA
Instytucja, która utworzyła rekord BPK
041 0# - KOD JĘZYKA
Kod języka tekstu pl
080 ## - UNIWERSALNA KLASYFIKACJA DZIESIĘTNA - UKD
UKD 351.811.122(438)(094.4)
008 - POLE O STAŁEJ DŁUGOŚCI - DANE KONTROLNE
podpole kontrolne o stałej długości s pl f |000 0 pol
245 00 - TYTUŁ/ODPOWIEDZIALNOŚĆ
Tytuł Instrukcja o znakach drogowych pionowych.
Oznaczenie części/sekcji dzieła T.2,
Tytuł części/sekcji dzieła Zasady konstrukcji i wzory barwne znaków.
260 ## - STREFA ADRESU WYDAWNICZEGO
Miejsce wydania Kraków :
Nazwa wydawcy/dystrybutora Explotrans,
Data publikacji, dystrybucji/powstania dokumentu 1994.
300 ## - STREFA OPISU FIZYCZNEGO
Objętość 344 s. :
Inne cechy fizyczne il. kolor. ;
Rozmiary 30 cm.
490 1# - STREFA SERII I DOKUMENTU WIELOCZĘŚCIOWEGO - FORMA NIE DO WYSZUKIWANIA
Tytuł i oznaczenie odpowiedzialności serii Monitor Polski
500 ## - UWAGI OGÓLNE
Tekst uwagi Załącznik nr 1 do zarządzenia Ministra Transportu i Gospodarki Morskiej z dnia 3 marca 1994 r. (poz.120).
650 #9 - HASŁO PRZEDMIOTOWE W FORMIE NAZWY OGÓLNEJ LUB JEDNOSTKOWEJ
Nazwa ogólna lub geograficzna Komunikacja drogowa
Określnik ogólny prawo
Określnik geograficzny Polska
Określnik chronologiczny stan na 1994 r.
650 #9 - HASŁO PRZEDMIOTOWE W FORMIE NAZWY OGÓLNEJ LUB JEDNOSTKOWEJ
Nazwa ogólna lub geograficzna Znaki i sygnały drogowe
Określnik ogólny prawo
Określnik geograficzny Polska
Określnik chronologiczny stan na 1994 r.
830 ## - HASŁO DODATKOWE SERII LUB DOKUMENTU WIELOCZĘŚCIOWEGO - TYTUŁ UJEDNOLICONY
Tytuł ujednolicony Monitor Polski
856 ## - LOKALIZACJA I DOSTĘP DO ELEKTRONICZNYCH DOKUMENTÓW ZDALNYCH
Link (URL) http://koha.tu.koszalin.pl/cgi-bin/koha/opac-detail.pl?biblionumber=34989
Tekst linku Katalog online BPK
942 ## - DODATKOWE ELEMENTY (KOHA)
Typ dokumentu Katalog
Egzemplarze
Wycofany Status egzemplarza Uszkodzony Dostępność Lokalizacja stała Lokalizacja bieżąca Miejsce przechowywania Sygnatura Kod kreskowy Dział Typ dokumentu
      Tylko na miejscu Biblioteka Politechniki Koszalińskiej Biblioteka Politechniki Koszalińskiej Czytelnia BG KC 3123 01529104 625 Budowa dróg Katalog
      Dostępny Biblioteka Politechniki Koszalińskiej Biblioteka Politechniki Koszalińskiej Wypożyczalnia BG KC 3124 01529111   Katalog
© 2023 Biblioteka Politechniki Koszalińskiej :: KOHA